000 00274nam a22001217a 4500
020 _a9788189729981
082 _a631.5871
_bRED/IR
245 _aIrrigation engineering
260 _aNew Delhi
_bGene-tech Books
_c2010
300 _a272 p
700 _aReddy, R.N
942 _cBK
999 _c13755
_d13755